000 01274cam a22003617a 4500
003 CHAP
005 20220817043650.0
008 000509d2000 mx a r 00110 spa d
010 _a81049
011 _a82021
035 _a92506
040 _cCHAP
090 _aTesis
100 0 0 _aTorres Navarro, Heriberto.
_9114185
245 1 0 _aColecta y caracterización de Sprekelia formosissima (L.) Herb. una planta silvestre con potencial ornamental
_c/por Heriberto Torres Navarro
260 _aChapingo, Méx. :
_bEl autor,
_c2000.
300 _a92 h. :
_bilus. ; gráfs. ; cuadros
502 _aTesis (M.C. en Horticultura) -- UACH. Departamento de Fitotecnia
590 _aALEPH
_b10
_c20130110
_lUCH01
_h1435
590 _aBATCH-UPD
_b10
_c20130110
_lUCH01
_h0759
590 _aBATCH-UPD
_b10
_c20130410
_lUCH01
_h0438
590 _aBATCH-UPD
_b10
_c20130914
_lUCH01
_h0346
590 _aCONVERSION
_b10
_c20130109
_lUCH01
_h1345
650 4 _aBulbos.
_916020
650 1 4 _aAnálisis de varianza.
_95977
650 1 4 _aPlantas ornamentales.
650 1 4 _aSprekelia formossisima.
_9109278
901 _aBK
905 _aGuadalupe Pinto C.
942 _cFOLL
949 _bBC
_cTES
_d33724000780748
_eTS2
_fc.2
_h36153
_i92506
_si
949 _bBC
_cTES
_d92506
_eTS1
_h36152
_i92506
_sb
999 _c81049
_d81049